Nenasýtený trh cereálií

Segment cereálií má svojich typických spotrebiteľov. Čo sú cereálie. Ako zvýšiť ich predajnosť. Vývoj obalovej technológie. Distribúcia a predaj cereálií. Správne umiestnenie cereálií na regáloch. Dôležitosť ochutnávok. Konkurencia na trhu.

Salvato in:
Dettagli Bibliografici
Autore principale: Košťál, Daniel
Natura: Capitolo di libro
Lingua:slovacco
Soggetti:
Tags: Aggiungi Tag
Nessun Tag, puoi essere il primo ad aggiungerne!!

MARC

LEADER 00000naa a2200000 4500
001 r043305
005 20231004093740.7
041 0 |a slo 
044 |a SK 
245 1 0 |a Nenasýtený trh cereálií  |c Daniel Košťál 
520 |a Segment cereálií má svojich typických spotrebiteľov. Čo sú cereálie. Ako zvýšiť ich predajnosť. Vývoj obalovej technológie. Distribúcia a predaj cereálií. Správne umiestnenie cereálií na regáloch. Dôležitosť ochutnávok. Konkurencia na trhu. 
610 2 0 |a potraviny 
610 2 0 |a distribúcia 
610 2 0 |a predaj 
610 2 0 |a obaly 
610 2 0 |a technika obalová 
610 2 0 |a spotrebitelia 
100 1 |a Košťál, Daniel